000 00590nam a2200205 i 4500
001 67844
003 ES-MaACL
005 20250813063307.0
007 t|
008 040206s1984 sp ||||1| spa d
100 1 _aGallego, Gregorio,
_d1916-2007
_953530
245 1 0 _aAsalto a la ciudad /
_cGregorio Gallego.
250 _a[1ยช ed.].
260 _a[Barcelona] :
_bArgos Vergara,
_c[1984]
300 _a301 p. ;
_c22 cm.
490 1 _aEn cuarto mayor ;
_v168
830 0 _aEn cuarto mayor ;
_v168
_9181130
852 _aES-MaACL
_jL-7761
_bR.106987
999 _c67844
_d67844